Tecnología meccanica generales e dell'automobile /
Guardado en:
| Autor Principal: | |
|---|---|
| Formato: | Libro |
| Idioma: | Italian |
| Publicado: |
Torino :
Unionne tipografico-editrice torinesse,
1919.
|
| Etiquetas: |
Agregar Etiqueta
Sin Etiquetas, Sea el primero en etiquetar este registro!
|
| LEADER | 00495nam a22001455a 4500 | ||
|---|---|---|---|
| 001 | EUN.um034184 | ||
| 003 | AR-BaUNS | ||
| 005 | 20050623122908.0 | ||
| 008 | 041125s1919####it#a##########000#0#ita#d | ||
| 245 | 1 | 0 | |a Tecnología meccanica generales e dell'automobile / |c Ferdinando Borrino. |
| 260 | |a Torino : |b Unionne tipografico-editrice torinesse, |c 1919. | ||
| 300 | |a 3 v. : |b ilus. ; |c 25 cm. | ||
| 100 | 1 | |a Borrino, Ferdinando. | |
| 082 | 0 | 4 | |a 621.9 |
| 859 | |a Ar-BaUNS |b BIB. CENTRAL - Sector C |h 621.9 |i B647 |p 107221/997 |v v.3 | ||
